Simboli dei Segni zodiacali - Statistics

Statistiche generali
  • Questo quiz è stato fatto 51 volte
  • Il punteggio medio è 11 su 12
Statistiche sulle risposte
con Immagini Risposta % Corretto
Bilancia
98%
Sagittario
96%
Ariete
93%
Gemelli
93%
Scorpione
91%
Toro
91%
Vergine
91%
Cancro
89%
Aquario
84%
Capricorno
84%
Leone
84%
Pesci
82%
Nessun quiz corrispondente trovato
Distribuzione punteggi
Percentuale di utenti per punteggio
Percentile per numero di risposta
I tuoi punteggi nel tempo
Non hai fatto questo quiz